000 00307nam a2200121Ia 4500
008 240731s9999 xx 000 0 und d
022 _a1543-5326
245 0 _aQuarterly Review of Film and Video
260 _bRoutledge
856 _uhttps://www.tandfonline.com/loi/gqrf20
942 _2ddc
942 _cTFEJ
999 _c79117
_d79117
945 _a1
_bMadushi Gamage
_c1
_dMadushi Gamage